000
00243nam a22001097a 4500
008
170126b xxu||||| |||| 00| 0 eng d
020
_a
9780879696252
041
_a
eng
080
_a
61
245
_a
DNA MICROARRAYS
_c
BOWTELL, D
942
_2
udc
_c
BK
999
_c
3766
_d
3766